Tour de France 2015-Classement général - Statistiques

Statistiques générales
  • Ce quiz a été pris 227 fois
  • Le résultat moyen est 11 sur 15
Statistiques - réponses
Rang Nationalité Équipe Nom Écart % Correct
1 Royaume-Uni Sky Froome 84 h 46 min 14s
99%
9 France AG2R Bardet + 16min
98%
2 Colombie Movistar Quintana + 1min 12s
98%
4 Italie Astana Nibali + 8min 36 s
97%
5 Espagne Tinkoff Contador + 9min 48 s
93%
3 Espagne Movistar Valverde + 5min 25s
93%
10 France Europcar Rolland + 17min 30s
86%
15 Royaume-Uni Sky Thomas + 31min 39s
79%
7 Pays-Bas Trek-Segafredo Mollema + 15min 14s
71%
14 France Giant-Alpecin Barguil + 31min 15s
69%
8 Suisse IAM Cycling Frank + 15min 39s
46%
6 Pays-Bas Lotto Jumbo Gesink + 10min 47s
46%
12 Espagne BMC Sanchez + 22min 50s
28%
11 États-Unis Cannondale Talansky + 22min 06s
28%
13 Belgique MTN-Qhubeka Pauwels + 31min 03s
19%
Aucun quiz correspondant
Distribution des résultats
% des personnes avec chaque résultat
Percentile par nombre de réponses
Votre historique - résultats
Vous n’avez pas pris ce quiz